000 00534nam a2200181 a 4500
001 000017180
005 20240412074245.0
008 100319s1933 dr 000 j spa d
040 _aDO-SdBNP
_bspa
_cBNPHU
082 _aRD863.42
_bG633c
100 1 _aGómez de Read, Ernestina,
_937810
245 1 0 _aCanciones de la noche /
_cErnestina Gómez de Read.
260 _aSanto Domingo :
_bLa Nación,
_c1933.
300 _a94 p. ;
_c18 cm.
650 0 _aCuentos dominicanos
_9176
650 0 _aLiteratura dominicana.
_967
049 _aBNPD
999 _c16706
_d16706